• 首页
  • 本馆介绍
  • 公告通知
  • 最新文献
  • 馆藏检索
  • 电子资源
  • 读者导购
  • 参考咨询
  • 我的图书馆
  • 登录
  • 详细信息显示
  • 放入我的书架
  • 预约/预借图书
  • 作者相关作品
  • 分类相关作品
  • 丛书相关作品
  • 出版社相关作品

书目信息

  • 表格格式
  • 工作单格式
  • 卡片格式
题名:
墨子选译
    
 
作者: 谭家健 , 郑君华 选译
分册:  
出版信息: 上海   上海古籍出版社  1990.6
页数: 182页
开本: 20cm
丛书名:
单 册:
中图分类: B224.4
科图分类:
主题词: 墨家--研究
电子资源:
ISBN: 7-5325-0622-3
000 00776nam 2200253 45
001 0190006033
005 20060405094641.48
010    @a7-5325-0622-3@dCNY2.55
100    @a19901115d1990 ekmy0chiy0121 ea
101 0  @achi
102    @aCN@b310000
105    @ay z 000yy
200 10 @a墨子选译@AMO ZI XUAN YI@f谭家健,郑君华选译@FTAN JIA JIAN , ZHENG JUN HUA XUAN YI
210    @a上海@c上海古籍出版社@d1990.6
215    @a182页@d20cm
330    @a本书共收《墨子》文章二十五篇,着重选译能够反映墨子主要思想的代表作品。
540 1  @a墨子 选译@AMO ZI XUAN YI
605    @a墨子@x译文
606    @a墨家@x研究
690    @aB224.4@v4
701  0 @a谭家健@ATAN JIA JIAN@4选译
701  0 @a郑君华@AZHENG JUN HUA@4选译
801  0 @aCN@bNLC@c20060405
905    @dB224.4@e125
    
    墨子选译/谭家健,郑君华选译.-上海:上海古籍出版社,1990.6
    182页;20cm
    
    
    ISBN 7-5325-0622-3:CNY2.55
    本书共收《墨子》文章二十五篇,着重选译能够反映墨子主要思想的代表作品。
●
相关链接 在E读中查询图书 在五车中查询图书 在当当中查询图书 在豆瓣中查询图书


正题名:墨子选译     索取号:B224.4/125         预约/预借

序号 登录号 条形码 馆藏地/架位号 状态 备注
1 0249019   000507963   密集书库/ [索取号:B224.4/125] 在馆    
2 0249020   000507972   第一借阅区/ [索取号:B224.4/125] 在馆    
3 0249021   000507981   第一样本阅览室/ [索取号:B224.4/125] 在馆    
4 0249022   000507954   密集书库/ [索取号:B224.4/125] 在馆    
5 0249023   202224324   密集书库/ [索取号:B224.4/125] 在馆    
唐山师范学院图书馆 欢迎您!
大连网信软件有限公司© 版权所有